| 000 | 01404nam a22003737a 4500 | ||
|---|---|---|---|
| 001 | BR0204568 | ||
| 003 | BR-BrBNA | ||
| 005 | 20230928101151.0 | ||
| 007 | ta | ||
| 008 | 230509b bl.||||| |||| 00| 0 por d | ||
| 040 |
_aBR-BrBNA _bpor _cBiblioteca Nacional de Agricultura |
||
| 041 | _a(Por) | ||
| 072 |
_aP33; F62; P35 _b1930 _b4510 |
||
| 090 | _ 1930 BR0204568 | ||
| 100 | 1 | _aMello, D. de | |
| 110 | 1 |
_aUniversidade Federal de Mato Grosso, Cuiabá (Brasil). Faculdade de Agronomia e Medicina Veterinária _0Tese (Mestre em Agricultura Tropical) _910827 |
|
| 245 | 1 | _aEfeitos de processos de preparo na compactação do solo, sua relação com o crescimento da Brachiaria brizantha e do Andropogon gayanus e com a disponibilidade de nutrientes num latossolo vermelho-escuro no município de Campo Verde-MT | |
| 260 | 3 |
_aCuiabá, MT (Brasil): _c2000. |
|
| 300 | _a104 p. | ||
| 500 | _aSeveral bibliography; Summaries (Eng, Por); 48 illus.; 5 tables | ||
| 650 | _aCAPIM BRACHIARIA | ||
| 650 | _aCAPIM ANDROPOGON | ||
| 650 | _aCRESCIMENTO | ||
| 650 | _aSUBSOLADOR | ||
| 650 | _aCOMPACTAÇÃO DO SOLO | ||
| 650 | _aDISPONIBILIDADE DE NUTRIENTE | ||
| 650 | _aLATOSSOLO VERMELHO ESCURO | ||
| 650 | _aPROPRIEDADE FÍSICO-QUÍMICA | ||
| 650 | _aMATÉRIA ORGÂNICA | ||
| 650 | _aMÉTODO ESTATÍSTICO | ||
| 650 | _aMATO GROSSO | ||
| 909 |
_a202309 _bLucia _c55 _dLucia Elande |
||
| 942 | _cBK | ||
| 999 |
_c64549 _d64549 |
||